What have you done? / (Record no. 399312)
[ view plain ]
| 000 -LEADER | |
|---|---|
| fixed length control field | 02173pam a2200373 i 4500 |
| 001 - CONTROL NUMBER | |
| control field | BK0030912456 |
| 003 - CONTROL NUMBER IDENTIFIER | |
| control field | DLC |
| 005 - DATE AND TIME OF LATEST TRANSACTION | |
| control field | 20240814164746.0 |
| 008 - FIXED-LENGTH DATA ELEMENTS--GENERAL INFORMATION | |
| fixed length control field | 231116s2024 nyu 000 1 eng |
| 010 ## - LIBRARY OF CONGRESS CONTROL NUMBER | |
| LC control number | 2023053492 |
| 020 ## - INTERNATIONAL STANDARD BOOK NUMBER | |
| International Standard Book Number | 9780593489963 : HRD |
| Terms of availability | 30.00 |
| 020 ## - INTERNATIONAL STANDARD BOOK NUMBER | |
| International Standard Book Number | 0593489969 : HRD |
| Terms of availability | 30.00 |
| Qualifying information | (hardcover) |
| Cancelled/invalid ISBN | 9780593489970 |
| Qualifying information | (ebook) |
| 037 ## - SOURCE OF ACQUISITION | |
| Source of stock number/acquisition | Penguin Group USA, Attn: Order Processing 405 Murray Hill Pkwy, East Rutherford, NJ, USA, 07073-2136 |
| Note | SAN 201-3975 |
| 040 ## - CATALOGING SOURCE | |
| Original cataloging agency | DLC |
| Language of cataloging | eng |
| Description conventions | rda |
| Transcribing agency | DLC |
| Modifying agency | NjBwBT |
| 050 00 - LIBRARY OF CONGRESS CALL NUMBER | |
| Classification number | PR9199.4.L366 |
| Item number | W47 2024 |
| 082 00 - DEWEY DECIMAL CLASSIFICATION NUMBER | |
| Classification number | 813/.6 |
| Edition number | 23/eng/20240628 |
| 092 ## - LOCALLY ASSIGNED DEWEY CALL NUMBER (OCLC) | |
| Classification number | 813.6000 |
| 100 1# - MAIN ENTRY--PERSONAL NAME | |
| Personal name | Lapena, Shari, |
| Dates associated with a name | 1960- |
| Relator term | author. |
| 9 (RLIN) | 5922477 |
| 245 10 - TITLE STATEMENT | |
| Title | What have you done? / |
| Statement of responsibility, etc | Shari Lapena. |
| 250 ## - EDITION STATEMENT | |
| Edition statement | First United States edition. |
| 264 #1 - Production, Publication, Distribution, Manufacture, and Copyright Notice. | |
| Place of production, publication, distribution, manufacture | New York : |
| Name of producer, publisher, distributor, manufacturer | Pamela Dorman Books/Viking, |
| Date of production, publication, distribution, manufacture, or copyr | 2024. |
| 300 ## - PHYSICAL DESCRIPTION | |
| Extent | x, 306 pages ; |
| Dimensions | 24 cm |
| 336 ## - Content Type | |
| Content type term | text |
| 337 ## - Media type | |
| Media type term | unmediated |
| 338 ## - Carrier type | |
| Carrier type term | volume |
| 520 ## - SUMMARY, ETC. | |
| Summary, etc | "Nothing ever happens in sleepy little Fairhill, Vermont. But this morning that will change. And one innocent question could be deadly. What have you done? The teenagers get their kicks telling ghost stories in the old graveyard. The parents trust their kids will arrive home safe from school. Everyone knows everyone. Curtains rarely twitch. Front doors are left unlocked. But Diana Brewer isn't lying safely in her bed where she belongs. Instead she lies in a hayfield, circled by vultures, discovered by a local farmer. How quickly a girl becomes a ghost. How quickly a town of friendly, familiar faces becomes a town of suspects, a place of fear and paranoia. Someone in Fairhill did this. Everyone wants answers"-- |
| -- | Provided by publisher. |
| 650 #0 - SUBJECT ADDED ENTRY--TOPICAL TERM | |
| Topical term or geographic name as entry element | Family secrets |
| Form subdivision | Fiction. |
| 9 (RLIN) | 5674538 |
| 650 #0 - SUBJECT ADDED ENTRY--TOPICAL TERM | |
| Topical term or geographic name as entry element | Small cities |
| Geographic subdivision | Vermont |
| Form subdivision | Fiction. |
| 9 (RLIN) | 5701424 |
| 655 #7 - INDEX TERM--GENRE/FORM | |
| Genre/form data or focus term | Psychological fiction. |
| Source of term | lcgft |
| 9 (RLIN) | 5673631 |
| 655 #7 - INDEX TERM--GENRE/FORM | |
| Genre/form data or focus term | Thrillers (Fiction) |
| Source of term | lcgft |
| 655 #7 - INDEX TERM--GENRE/FORM | |
| Genre/form data or focus term | Novels. |
| Source of term | lcgft |
| 776 08 - ADDITIONAL PHYSICAL FORM ENTRY | |
| Display text | Online version: |
| 776 08 - ADDITIONAL PHYSICAL FORM ENTRY | |
| Main entry heading | Lapena, Shari, 1960- |
| Title | What have you done? |
| Edition | First United States edition. |
| Place, publisher, and date of publication | New York : Pamela Dorman Books/Viking, 2024 |
| International Standard Book Number | 9780593489970 |
| Record control number | (DLC) 2023053493 |
| Withdrawn status | Lost status | Source of classification or shelving scheme | Damaged status | Not for loan | Collection code | Home library | Current library | Shelving location | Date acquired | Source of acquisition | Total Checkouts | Total Renewals | Full call number | Barcode | Date last seen | Date checked out | Cost, replacement price | Price effective from | Koha item type |
|---|---|---|---|---|---|---|---|---|---|---|---|---|---|---|---|---|---|---|---|
| Dewey Decimal Classification | Fiction | Wasatch County Library | Wasatch County Library | First Floor | 08/28/2024 | Micromarketing | 7 | 4 | F Lapena | 34301002086306 | 07/11/2025 | 07/03/2025 | 30.00 | 08/28/2024 | BOOK |
